| 000 | 00953nam a2200337 a 4500 | ||
|---|---|---|---|
| 003 | AR-BaBNM | ||
| 005 | 20251128204109.0 | ||
| 008 | 082120s2002 ||||||||||||||000 | spa|| | ||
| 020 | _a950-25113-6 | ||
| 040 | _cAR-BaBNM | ||
| 100 | 1 | _aGodio, Julio | |
| 245 | 0 | 0 |
_aLa caída de Perón _bde junio a setiembre de 1955. 2 |
| 260 |
_aBuenos Aires _bCentro Editor de América Latina _c1985 |
||
| 300 | _ap. 131-266 | ||
| 490 | 0 |
_aBiblioteca política argentina _vv. 115 |
|
| 610 | 2 | 4 | _aPartido Justicialista |
| 610 | 2 | 4 | _aUnión Cívica Radical [Argentina] |
| 650 | 4 | _aHISTORIA ARGENTINA | |
| 650 | 4 | _aHISTORIA POLITICA | |
| 650 | 4 | _aPACIFISMO | |
| 650 | 4 | _aTRABAJADORES | |
| 650 | 4 | _aTERRORISMO | |
| 650 | 4 | _aPROBLEMAS SOCIALES | |
| 650 | 4 | _aREVOLUCION DE SETIEMBRE DE 1955 | |
| 650 | 4 | _aOPOSICION POLITICA | |
| 651 | 4 | _aArgentina | |
| 653 | _aPERONISMO | ||
| 800 | 1 |
_aTroncoso, Oscar _edirector |
|
| 942 | _cBK | ||
| 998 | _cEnrique | ||
| 999 |
_c6155 _d6155 |
||